Sports Quiz

Random Sports or WWE Quiz

Complete the Card: Survivor Series 1997 Quiz Stats

 Plays Quiz not verified by Sporcle

Challenge
Share
Tweet
Embed
Score 0/38 Timer 04:00
0 Plays Today
Match Type Wrestler % Correct
Match 5 - 4-on-4 Survivor Series Elimination MatchThe Rock
98.2%
Match 6 - Singles Match for the WWF Intercontinental ChampionshipOwen Hart
98.2%
Match 7 - Singles Match for the WWF ChampionshipBret Hart
97.9%
Match 7 - Singles Match for the WWF ChampionshipShawn Michaels
95.8%
Match 5 - 4-on-4 Survivor Series Elimination MatchFaarooq
95.2%
Match 5 - 4-on-4 Survivor Series Elimination MatchD'Lo Brown
95.2%
Match 6 - Singles Match for the WWF Intercontinental ChampionshipSteve Austin
95.2%
Match 3 - 4-on-4 Survivor Series Elimination MatchThe British Bulldog
94.9%
Match 2 - 4-on-4 Survivor Series Elimination Match8-Ball
93.4%
Match 2 - 4-on-4 Survivor Series Elimination MatchCrush
93.1%
Match 5 - 4-on-4 Survivor Series Elimination MatchKama Mustafa
92.8%
Match 3 - 4-on-4 Survivor Series Elimination MatchGoldust
91.6%
Match 3 - 4-on-4 Survivor Series Elimination MatchJim Neidhart
91%
Match 2 - 4-on-4 Survivor Series Elimination MatchChainz
90.7%
Match 2 - 4-on-4 Survivor Series Elimination MatchSkull
90.7%
Match 3 - 4-on-4 Survivor Series Elimination MatchVader
90.7%
Match 1 - 4-on-4 Survivor Series Elimination MatchBilly Gunn
90.4%
Match 4 - Singles MatchMankind
90.4%
Match 1 - 4-on-4 Survivor Series Elimination MatchRoad Dogg
89.8%
Match Type Wrestler % Correct
Match 5 - 4-on-4 Survivor Series Elimination MatchKen Shamrock
89.5%
Match 4 - Singles MatchKane
89.2%
Match 5 - 4-on-4 Survivor Series Elimination MatchHawk
88.6%
Match 5 - 4-on-4 Survivor Series Elimination MatchAnimal
88.6%
Match 5 - 4-on-4 Survivor Series Elimination MatchAhmed Johnson
87.7%
Match 1 - 4-on-4 Survivor Series Elimination MatchHenry Godwinn
87.3%
Match 1 - 4-on-4 Survivor Series Elimination MatchPhineas Godwinn
87.3%
Match 1 - 4-on-4 Survivor Series Elimination MatchMosh
85.5%
Match 2 - 4-on-4 Survivor Series Elimination MatchThe Interrogator
85.2%
Match 1 - 4-on-4 Survivor Series Elimination MatchThrasher
84.9%
Match 3 - 4-on-4 Survivor Series Elimination MatchDoug Furnas
83.1%
Match 2 - 4-on-4 Survivor Series Elimination MatchRecon
82.5%
Match 3 - 4-on-4 Survivor Series Elimination MatchPhil LaFon
82.5%
Match 2 - 4-on-4 Survivor Series Elimination MatchSniper
82.2%
Match 3 - 4-on-4 Survivor Series Elimination MatchMarc Mero
81.3%
Match 3 - 4-on-4 Survivor Series Elimination MatchSteve Blackman
79.2%
Match 1 - 4-on-4 Survivor Series Elimination MatchBlackjack Bradshaw
76.8%
Match 2 - 4-on-4 Survivor Series Elimination MatchThe Jackyl
74.7%
Match 1 - 4-on-4 Survivor Series Elimination MatchBlackjack Windham
73.8%

You're not logged in!

Compare scores with friends on all Sporcle quizzes.
Join for Free
OR
Log In

You Might Also Like...

Show Comments

Extras

Top Quizzes Today


Score Distribution

Your Account Isn't Verified!

In order to create a playlist on Sporcle, you need to verify the email address you used during registration. Go to your Sporcle Settings to finish the process.

Report this User

Report this user for behavior that violates our Community Guidelines.

Details: